| 000 | 01006nam a22002295i 4500 | ||
|---|---|---|---|
| 001 | 163501 | ||
| 003 | ES-MaACL | ||
| 005 | 20230906212742.0 | ||
| 008 | 030228s1899 sp |||| | spa d | ||
| 100 | 1 |
_aRichet, Charles ( _d1850-1935) _996954 |
|
| 245 | 1 | 0 |
_aPara grandes y chicos _b: fábulas / _cCarlos Richet ; puestas en variedad de metros castellanos por Luis Marco ; con un prólogo por el doctor Tolosa Latour ; láminas en colores, dibujadas por H. Allouard. |
| 260 |
_aMadrid : _bLibrería Editorial de Bailly-Baillière e Hijos, _c1899. |
||
| 300 |
_aXX, 110 p., [22] h. de lám. : _bil. ; _c21 cm. |
||
| 530 | _aDisponible en formato digital. | ||
| 650 | 4 |
_aFábulas. _9136149 |
|
| 700 | 1 |
_aMarco, Luis. _976468 |
|
| 700 | 1 |
_aAllouard, H. _9125618 |
|
| 700 | 1 |
_aTolosa Latour, Manuel, _d1857-1919 _9110485 |
|
| 852 |
_aES-MaACL _jG-14377 _z- Enc. cart. |
||
| 856 |
_uhttp://bdh-rd.bne.es/viewer.vm?id=0000130744&page=1 _zBiblioteca Digital Hispánica |
||
| 999 |
_c163501 _d163501 |
||